Central Library OPAC University of Rajshahi

Towards industrial peace in Australia : (Record no. 50051)

MARC details
000 -LEADER
fixed length control field 00946nam a2200229 a 4500
001 - CONTROL NUMBER
control field 50051
003 - CONTROL NUMBER IDENTIFIER
rucl marc code BD-RjUL
005 - DATE AND TIME OF LATEST TRANSACTION
control field 20211209075441.0
008 - FIXED-LENGTH DATA ELEMENTS--GENERAL INFORMATION
fixed length control field 160823s1937 at a b 001 0 eng
035 ## - SYSTEM CONTROL NUMBER
System control number (BD-RjUL)50171
040 ## - CATALOGING SOURCE
Original cataloging agency DLC
Transcribing agency OrPR
Modifying agency OrPR
-- OCoLC
-- DLC
-- BD-RjUL
Language of cataloging eng
041 ## - LANGUAGE CODE
Language code of text/sound track or separate title eng
082 ## - DEWEY DECIMAL CLASSIFICATION NUMBER
Classification number 331.1550994
Author mark and year FOT 1937
100 1# - MAIN ENTRY--PERSONAL NAME
Personal name Foenander, Orwell de R.
9 (RLIN) 150014
245 10 - TITLE STATEMENT
Title Towards industrial peace in Australia :
Remainder of title a series of essays in the history of the commonwealth Court of conciliation and arbitration : an economic-legal-historical study /
Statement of responsibility, etc. by Orwell de R. Foenander.
260 ## - PUBLICATION, DISTRIBUTION, ETC. (IMPRINT)
Place of publication, distribution, etc. Melbourne :
Name of publisher, distributor, etc. Melbourne University Press in association with Oxford University Press,
Date of publication, distribution, etc. 1937.
300 ## - PHYSICAL DESCRIPTION
Pagination xxvii, 292 p. :
Illustrations ill. ;
Size 23 cm.
500 ## - GENERAL NOTE
General note Includes index.
610 10 - SUBJECT ADDED ENTRY--CORPORATE NAME
Corporate name or jurisdiction name as entry element Australia.
Subordinate unit Commonwealth Court of Conciliation and Arbitration.
650 #0 - SUBJECT ADDED ENTRY--TOPICAL TERM
Topical term or geographic name as entry element Arbitration, Industrial
Geographic subdivision Australia.
9 (RLIN) 150016
942 ## - ADDED ENTRY ELEMENTS (KOHA)
Source of classification or shelving scheme Dewey Decimal Classification
Koha item type Books
Holdings
Lost status Source of classification or shelving scheme Damaged status Not for loan Collection code Permanent Location Current Location Shelving location Date acquired Source of acquisition Total Checkouts Full call number Date last seen Copy number Koha item type
  Dewey Decimal Classification     Non-fiction Central Library, University of Rajshahi Central Library, University of Rajshahi   09/11/1961 Dr. Anwar Iqbal Qureshi   331.1550994 FOT 1937 23/08/2016 C-2 Books